[Event "Groningen SO ON op A"]
[Site "Groningen"]
[Date "2001.??.??"]
[Round "1.5"]
[White "Hashemi, Mohammed Aref"]
[Black "Erwich, Marc"]
[Result "0-1"]
[WhiteElo "1975"]
[BlackElo "2295"]
[PlyCount "76"]
[EventDate "2001.12.22"]
[EventType "swiss"]
[EventRounds "9"]
[EventCountry "NED"]
[SourceTitle "EXT 2003"]
[Source "ChessBase"]
[SourceDate "2002.11.25"]
[SourceVersion "1"]
[SourceVersionDate "2002.11.25"]
[SourceQuality "1"]

1. d4 Nf6 2. c4 b6 3. Nf3 Bb7 4. Nc3 e6 5. Bf4 Bb4 6. a3 Bxc3+ 7. bxc3 0-0 8. e3 Ne4 9. Qc2 f5 10. h4 d6 11. Bd3 Nd7 12. Ng5 Nxg5 13. Bxg5 Qe8 14. f3 h6 15. Bf4 e5 16. Bh2 exd4 17. Bf4 dxe3 18. 0-0-0 Qf7 19. Bxe3 Ne5 20. Be2 Nxc4 21. Bf4 Nxa3 22. Qa4 Qa2 23. Rd4 Qa1+ 24. Kd2 Qxh1 25. Qxa3 Qxg2 26. Qb3+ Kh7 27. Rd3 Rae8 28. Qd1 Ba6 29. Re3 Rxe3 30. Bxe3 Re8 31. f4 c5 32. h5 d5 33. Kc1 Bxe2 34. Qc2 Qf1+ 35. Kb2 Bd3 36. Qd2 Qb1+ 37. Ka3 Bc2 38. Qxd5 Qa1+ 0-1